| Registos Bibliográficos associados ao registo de autoridade |
|
Etiqueta de registo: 00254nam 2200025 450 001 2287007 003 http://id.bnportugal.gov.pt/bib/catbnp/2287007 100 ## $a20260527d2026 k y0pory01030103ba 101 0# $aeng$dpor 102 ## $aPT 105 ## $aa m 000yy 106 ## $ar 200 1# $aHybrid hydrogels from amphiphilic block copolymers and bio-inspired surfactant nanostructures
for stimuli-responsive delivery$fRui Pedro Leal Machado$gorient. Eduardo Jorge Figueira Marques, Andreia Ferreira de Castro Gomes 210 #9 $aPorto$c[s.n.],$d2026 215 ## $aXXIV, 290 p.$cil$d30 cm 300 ## $aAcesso não autorizado pelo autor pelo período de 2 anos 328 #1 $aTese dout. Chemistry, Faculdade de Ciências e Faculdade de Engenharia da Universidade
do Porto, 2026 700 #1 $aMachado,$bRui Pedro Leal$31999623 702 #1 $aMarques,$bEduardo Jorge Figueira$4727$31695541 702 #1 $aGomes,$bAndreia Ferreira de Castro$4727$31681093 801 #0 $aPT$bBN$gRPC 966 ## $lBN$mFGMON$x1 971 ## $cabrito$d20260527
|
|
|